000 01688cam a22002655a 4500
001 L141789
008 071221s2008 xxk f 001 0 eng d
020 _a9780728205246
035 _a(Sirsi) u141789
041 0 _aeng
050 0 4 _a333.332 $2 18
245 0 0 _aValuation
_bprinciples into practice
_h[electronic resource]
250 _a6th ed.
260 _aLondon
_bEG Books
_c2008
300 _ali, 650p.
_c14cm.
505 2 _aAgricultural property -- Residential properties -- Leashold enfranchisement -- The Landlord and Tenant Act 1954 -- Industrial and distribution properties -- Offices -- Retail Properties -- Taxation -- Compulsory purchase -- Compensation for planning and other restrictions on the use of land -- Minerals -- Rating -- Development properties -- Garages, petrol filling stations and motorway service areas -- Rent reviews and lease renewals, commercial property -- Valuations for financial statements -- Public houses -- Hotels -- Leisure properties -- Easements and wayleaves for sewers, pipelines and cables -- Assessments for insurance purposes -- The valuation of care homes -- Negligence and valuations
520 _aThis book provides the valuation principles and practice in agricultural, residential, commercial, industrial, leisure and office sectors. The book also discusses valuation methodology and techniques.
520 _aSupersedes the 5th ed. (0728203472)
521 _aAdvanced
651 4 _aUnited Kingdom
_y
690 _aPROPERTY-PROPERTY APPRAISAL AND VALUATION
700 1 _aHayward, Richard
_eEditor
856 4 0 _uhttps://www.vlebooks.com/
_zView on VLEbooks. Logins for members only from [email protected]
942 _n0
999 _c107770
_d107770